| 000 | 00764nam a2200289Ia 4500 | ||
|---|---|---|---|
| 008 | 160216s9999 xx 000 0 und d | ||
| 020 | _a0-7216-9843-3 | ||
| 050 | _aMAIN RM 301 | ||
| 050 | _b.L44 2004 | ||
| 100 | _aLehne, Richard A. | ||
| 245 | _aPharmacology for nursing care / | ||
| 245 | _cRichard A. Lehne. | ||
| 250 | _a5th Edition | ||
| 260 | _aSt. Louis, Missouri : | ||
| 260 | _bSaunders. | ||
| 260 | _c2004 | ||
| 300 | _a1246 pages : | ||
| 300 | _bcol. ill. ; | ||
| 300 | _c28 cm. | ||
| 500 | _aIncludes bibliographical references and index. | ||
| 650 | _aDrug therapy -- | ||
| 650 | _aNursing. | ||
| 650 | _aPharmacology -- | ||
| 650 | _aPharmacology. | ||
| 650 | _x Nurses' instruction. | ||
| 650 | _xNurses' instruction. | ||
| 999 |
_c290902 _d290902 |
||